Statistiken für Dinge die mit C anfangen (Kenshin Edition)

Klicken Sie hier um das Quiz zu spielen!

Allgemein

  • Dieses Quiz wurde 220 mal gespielt
  • Das Durchschnittsergebnis liegt bei 11 aus 16

Antwortstatistiken

Antwort% Korrekt
China
100%
Clown
99%
CD
98%
Computer
98%
Chemie
95%
Cola
94%
Chile
93%
Comic
86%
Corona/Covid
81%
Chicago
66%
Chamäleon
60%
Cottbus
35%
Ceres
20%
CAPCOM
16%
Cartoon
12%
Chiba
4%

Verteilung der Resultate

Perzentil nach korrekt beantworteten Fragen

Anzahl Personen mit jedem Resultat

Ihre Resultats-Entwicklung

Sie haben dieses Quiz noch nicht gespielt